| 000 | 00557nam a22001697a 4500 | ||
|---|---|---|---|
| 003 | 0 | ||
| 005 | 20230619100219.0 | ||
| 008 | 230619b xxu||||| |||| 00| 0 eng d | ||
| 020 | _a978-971-630-183-0 | ||
| 082 |
_aFil. 372.40834 _b.Ca236 2015 |
||
| 245 |
_aFrom Manila with love: A balikbayan story _cCapelle, Amy Luna |
||
| 260 |
_aManila _bTahanan Books for Young Readers _cc2015 |
||
| 300 |
_a24pp. _bcol. ill. _c23cm. |
||
| 500 | _aReaders (Elementary). | ||
| 500 | _aManila (Philippines)-Description and travel-Juvenile fiction. | ||
| 942 |
_2ddc _cBK |
||
| 999 |
_c365007 _d365007 |
||